000 00460nam a2200157 i 4500
001 35981
003 ES-MaACL
005 20230906155250.0
007 t|
008 030214s1967 sp ||||1| spa d
100 1 _aBrennan, Gerald T.
_931586
245 1 0 _aHistorias escogidas para homilĂ­as y catequesis infantiles /
_cGerald T. Brennan.
260 _aSantander :
_bSal Terrae,
_c[1967]
300 _a158 p. ;
_c22 cm.
852 _aES-MaACL
_jC-32304
_bR.62999
999 _c35981
_d35981